Elementos que no acaban en -io - Estadísticas

Estadísticas generales
  • Esta prueba ha sido intentada 2.178 veces
  • La puntuación promedio es 19 de 36
Estadísticas de respuestas
Elemento % Correcto
Oro
90%
Plata
89%
Oxígeno
86%
Hidrógeno
84%
Carbono
70%
Nitrógeno
70%
Xenón
69%
Boro
66%
Cobre
66%
Argón
65%
Neón
63%
Hierro
62%
Flúor
60%
Radón
60%
Yodo
59%
Kriptón
58%
Azufre
56%
Manganeso
55%
Cloro
54%
Bromo
52%
Zinc
51%
Platino
49%
Fósforo
48%
Plomo
48%
Estaño
45%
Cobalto
41%
Níquel
39%
Cromo
38%
Arsénico
36%
Astato
36%
Bismuto
30%
Lantano
22%
Molibdeno
21%
Oganesón
21%
Tántalo
16%
Teneso
11%
No se encontraron pruebas coincidentes
Distribución de puntuación
Porcentaje de gente con cada puntuación
Porcentaje por número respondido
Historial de tus puntuaciones
No has intentado esta prueba.